|
|
|
|
| LEADER |
00000cam a2200000 7i4500 |
| 001 |
0000016583 |
| 005 |
20060518.0 |
| 040 |
|
|
|a INS
|
| 090 |
0 |
0 |
|a HT169.M4
|b MPK
|b PT
|
| 245 |
1 |
0 |
|a Pelan Pusat Bandar Kajang [
|h map]
|c Majlis Perbandaran Kajang
|
| 260 |
|
|
|a .Kajang :
|b Majlis Perbandaran Kajang
|
| 300 |
|
|
|a 1 map :
|b col. ;
|c 92cm x 119cm.
|
| 610 |
1 |
0 |
|a Majlis Perbandaran Kajang
|
| 650 |
0 |
0 |
|a City planning
|z Selangor
|z Kajang
|
| 650 |
0 |
0 |
|a Kajang(Selangor)
|x Planning
|
| 999 |
|
|
|a 0000016677
|b MAPS
|c Map Collection
|e Default branch
|
| 999 |
|
|
|a 0000016678
|b MAPS
|c Map Collection
|e Default branch
|